000 00610cam a22002291 4500
001 18321
003 BD-RjUL
005 20211209000253.0
008 140220s1960 enk 000 0 eng
035 _a(BD-RjUL)18379
035 _a(OCoLC)1854475
040 _aDLC
_cFMFIU
_dOCoLC
_dUk
_dDLC
_beng
041 _aeng
082 _a823.9
_bCOP 1960
100 1 _aCoward, Noel,
_d1899-1973.
_956395
245 1 0 _aPomp and circumstance /
_cNOEL COWARD
260 _aLondon :
_bHeinemann,
_c1960
300 _a305 p. ;
_c21 cm.
942 _2ddc
_cBK
999 _c18321
_d18321